Stan-valtioiden pääkaupungit - Statistics

Yleistilastot
  • Tätä visaa on pelattu 258 kertaa
    223 viimeisimmän päivityksen jälkeen
  • Keskiarvotulos 5 / 6
Vastaustilastot
valtio pääkaupunki % Oikein
Afganistan Kabul
97%
Pakistan Islamabad
95%
Kazakstan Astana
91%
Uzbekistan Taškent
79%
Tadžikistan Dušanbe
69%
Turkmenistan Ašgabat
66%
Ehtoja vastaavia visoja ei löytynyt
Tulosjakauma
Jokaisen tuloksen saaneiden osuus
Persentiili vastausten määrän mukaan
Tuloshistoriasi
Et ole pelannut tätä visaa sen viimeisimmän päivityksen jälkeen